Developments in heat exchanger technology -1 (Record no. 7265)

000 -LEADER
fixed length control field 00539nam a2200205 4500
001 - CONTROL NUMBER
control field 7265
003 - CONTROL NUMBER IDENTIFIER
control field BD-DhUET
008 - FIXED-LENGTH DATA ELEMENTS--GENERAL INFORMATION
fixed length control field 141208b xxu||||| |||| 00| 0 eng d
020 ## - INTERNATIONAL STANDARD BOOK NUMBER
International Standard Book Number 0853349134
040 ## - CATALOGING SOURCE
Transcribing agency 0
Modifying agency BD-DhUET
082 ## - DEWEY DECIMAL CLASSIFICATION NUMBER
Classification number 621.409
Item number CHI/1980
100 ## - MAIN ENTRY--PERSONAL NAME
Personal name Chisholm, D.
245 ## - TITLE STATEMENT
Title Developments in heat exchanger technology -1
Statement of responsibility, etc. edited by D. Chisholm
250 ## - EDITION STATEMENT
Edition statement 1st
260 ## - PUBLICATION, DISTRIBUTION, ETC. (IMPRINT)
Place of publication, distribution, etc. London
Name of publisher, distributor, etc. Applied Science Publishing
Date of publication, distribution, etc. 1980
300 ## - PHYSICAL DESCRIPTION
Extent x, 300 p.
490 ## - SERIES STATEMENT
Series statement Developments series
650 #0 - SUBJECT ADDED ENTRY--TOPICAL TERM
Topical term or geographic name as entry element Heat exchangers
942 ## - ADDED ENTRY ELEMENTS (KOHA)
Koha item type Edited Book
Holdings
Not for loan Location (home branch) Price effective from Lost status Sublocation or collection (holding branch) Copy number Koha date last seen Shelving location Damaged status Date acquired Koha normalized classification for sorting Koha full call number Withdrawn status Koha item type Source of classification or shelving scheme Piece designation (barcode)
 Central Library, BUET2014-12-08 Central Library, BUET12014-12-08Circulation section 2014-12-08621_000000000000000_409CHI1980621.409/CHI/1980 Edited Book 57478
 Central Library, BUET2015-02-08 Central Library, BUET22015-02-08Circulation section 2015-02-08621_409000000000000_CHI_1980621.409/CHI/1980 Edited Book 76456